<?xml version="1.0" encoding="UTF-8"?>
<record
    xmlns:xsi="http://www.w3.org/2001/XMLSchema-instance"
    xsi:schemaLocation="http://www.loc.gov/MARC21/slim http://www.loc.gov/standards/marcxml/schema/MARC21slim.xsd"
    xmlns="http://www.loc.gov/MARC21/slim">

  <leader>00705nam a22001577a 4500</leader>
  <controlfield tag="003">OSt</controlfield>
  <controlfield tag="005">20151231100131.0</controlfield>
  <controlfield tag="008">151231b        xxu||||| |||| 00| 0 eng d</controlfield>
  <datafield tag="040" ind1=" " ind2=" ">
    <subfield code="c">RUA</subfield>
  </datafield>
  <datafield tag="082" ind1=" " ind2=" ">
    <subfield code="a">LMA THO 2007 B295 Or.1</subfield>
  </datafield>
  <datafield tag="100" ind1=" " ind2=" ">
    <subfield code="9">5838</subfield>
    <subfield code="a">THORN, VINA.</subfield>
  </datafield>
  <datafield tag="245" ind1=" " ind2=" ">
    <subfield code="a">study on land conflict solving mechanism in adjudication in steng sen district, kampong thom province (&#x179F;&#x17B7;&#x1780;&#x17D2;&#x179F;&#x17B6;&#x17A2;&#x17C6;&#x1796;&#x17B8;&#x178A;&#x17C6;&#x178E;&#x17C4;&#x17C7;&#x179F;&#x17D2;&#x179A;&#x17B6;&#x1799;&#x179C;&#x17B7;&#x179C;&#x17B6;&#x1791;&#x178A;&#x17B8;&#x1792;&#x17D2;&#x179B;&#x17B8;&#x1780;&#x17D2;&#x1793;&#x17BB;&#x1784;&#x178F;&#x17C6;&#x1794;&#x1793;&#x17CB;&#x179C;&#x17B7;&#x1793;&#x17B7;&#x1785;&#x17D2;&#x1785;&#x17D0;&#x1799; &#x1793;&#x17C5;&#x179F;&#x17D2;&#x179A;&#x17BB;&#x1780;&#x179F;&#x17D2;&#x1791;&#x17B9;&#x1784;&#x179F;&#x17C2;&#x1793; &#x1781;&#x17C1;&#x178F;&#x17D2;&#x178F;&#x1780;&#x17C6;&#x1796;&#x1784;&#x17CB;&#x179F;&#x17D2;&#x1796;&#x17BA;)</subfield>
  </datafield>
  <datafield tag="260" ind1=" " ind2=" ">
    <subfield code="a">Phnom Penh</subfield>
    <subfield code="b">RUA</subfield>
    <subfield code="c">2007</subfield>
  </datafield>
  <datafield tag="300" ind1=" " ind2=" ">
    <subfield code="a">x, 48p.</subfield>
    <subfield code="b">ill.</subfield>
    <subfield code="c">29cm.</subfield>
  </datafield>
  <datafield tag="942" ind1=" " ind2=" ">
    <subfield code="2">ddc</subfield>
    <subfield code="c">LMA</subfield>
  </datafield>
  <datafield tag="999" ind1=" " ind2=" ">
    <subfield code="c">5436</subfield>
    <subfield code="d">5436</subfield>
  </datafield>
  <datafield tag="952" ind1=" " ind2=" ">
    <subfield code="0">0</subfield>
    <subfield code="1">0</subfield>
    <subfield code="2">ddc</subfield>
    <subfield code="4">0</subfield>
    <subfield code="6">LMA_THO_2007_000000000000000_B295_OR_1</subfield>
    <subfield code="7">0</subfield>
    <subfield code="9">29278</subfield>
    <subfield code="a">LBB</subfield>
    <subfield code="b">LBB</subfield>
    <subfield code="c">B295</subfield>
    <subfield code="d">2015-12-31</subfield>
    <subfield code="l">2</subfield>
    <subfield code="o">LMA THO 2007 B295 Or.1</subfield>
    <subfield code="p">RUA025435</subfield>
    <subfield code="r">2022-06-07</subfield>
    <subfield code="s">2022-05-24</subfield>
    <subfield code="w">2015-12-31</subfield>
    <subfield code="y">LMA</subfield>
  </datafield>
  <datafield tag="952" ind1=" " ind2=" ">
    <subfield code="0">0</subfield>
    <subfield code="1">0</subfield>
    <subfield code="2">ddc</subfield>
    <subfield code="4">0</subfield>
    <subfield code="6">LMA_THO_2007_000000000000000_B295_OR_2</subfield>
    <subfield code="7">0</subfield>
    <subfield code="9">29279</subfield>
    <subfield code="a">LBB</subfield>
    <subfield code="b">LBB</subfield>
    <subfield code="c">B295</subfield>
    <subfield code="d">2015-12-31</subfield>
    <subfield code="o">LMA THO 2007 B295 Or.2</subfield>
    <subfield code="p">RUA025496</subfield>
    <subfield code="r">2015-12-31</subfield>
    <subfield code="w">2015-12-31</subfield>
    <subfield code="y">LMA</subfield>
  </datafield>
  <datafield tag="952" ind1=" " ind2=" ">
    <subfield code="0">0</subfield>
    <subfield code="1">0</subfield>
    <subfield code="2">ddc</subfield>
    <subfield code="4">0</subfield>
    <subfield code="6">LMA_THO_2007_000000000000000_B295_OR_3</subfield>
    <subfield code="7">0</subfield>
    <subfield code="9">29280</subfield>
    <subfield code="a">LBB</subfield>
    <subfield code="b">LBB</subfield>
    <subfield code="c">B295</subfield>
    <subfield code="d">2015-12-31</subfield>
    <subfield code="o">LMA THO 2007 B295 Or.3</subfield>
    <subfield code="p">RUA018563</subfield>
    <subfield code="r">2015-12-31</subfield>
    <subfield code="w">2015-12-31</subfield>
    <subfield code="y">LMA</subfield>
  </datafield>
  <datafield tag="952" ind1=" " ind2=" ">
    <subfield code="0">0</subfield>
    <subfield code="1">0</subfield>
    <subfield code="2">ddc</subfield>
    <subfield code="4">0</subfield>
    <subfield code="6">LMA_THO_2007_000000000000000_B295_OR_4</subfield>
    <subfield code="7">0</subfield>
    <subfield code="9">29281</subfield>
    <subfield code="a">LBB</subfield>
    <subfield code="b">LBB</subfield>
    <subfield code="c">B295</subfield>
    <subfield code="d">2015-12-31</subfield>
    <subfield code="o">LMA THO 2007 B295 Or.4</subfield>
    <subfield code="p">RUA025473</subfield>
    <subfield code="r">2015-12-31</subfield>
    <subfield code="w">2015-12-31</subfield>
    <subfield code="y">LMA</subfield>
  </datafield>
  <datafield tag="952" ind1=" " ind2=" ">
    <subfield code="0">0</subfield>
    <subfield code="1">0</subfield>
    <subfield code="2">ddc</subfield>
    <subfield code="4">0</subfield>
    <subfield code="6">LMA_THO_2007_000000000000000_B295_OR_5</subfield>
    <subfield code="7">0</subfield>
    <subfield code="9">29282</subfield>
    <subfield code="a">LBB</subfield>
    <subfield code="b">LBB</subfield>
    <subfield code="c">B295</subfield>
    <subfield code="d">2015-12-31</subfield>
    <subfield code="o">LMA THO 2007 B295 Or.5</subfield>
    <subfield code="p">RUA016600</subfield>
    <subfield code="r">2015-12-31</subfield>
    <subfield code="w">2015-12-31</subfield>
    <subfield code="y">LMA</subfield>
  </datafield>
  <datafield tag="952" ind1=" " ind2=" ">
    <subfield code="0">0</subfield>
    <subfield code="1">0</subfield>
    <subfield code="2">ddc</subfield>
    <subfield code="4">0</subfield>
    <subfield code="6">LMA_THO_2007_000000000000000_B295_OR_6</subfield>
    <subfield code="7">0</subfield>
    <subfield code="9">29283</subfield>
    <subfield code="a">LBB</subfield>
    <subfield code="b">LBB</subfield>
    <subfield code="c">B295</subfield>
    <subfield code="d">2015-12-31</subfield>
    <subfield code="l">2</subfield>
    <subfield code="o">LMA THO 2007 B295 Or.6</subfield>
    <subfield code="p">RUA025413</subfield>
    <subfield code="r">2020-09-23</subfield>
    <subfield code="s">2020-09-22</subfield>
    <subfield code="w">2015-12-31</subfield>
    <subfield code="y">LMA</subfield>
  </datafield>
  <datafield tag="952" ind1=" " ind2=" ">
    <subfield code="0">0</subfield>
    <subfield code="1">0</subfield>
    <subfield code="2">ddc</subfield>
    <subfield code="4">0</subfield>
    <subfield code="6">LMA_THO_2007_000000000000000_B295_OR_7</subfield>
    <subfield code="7">0</subfield>
    <subfield code="9">29284</subfield>
    <subfield code="a">LBB</subfield>
    <subfield code="b">LBB</subfield>
    <subfield code="c">B295</subfield>
    <subfield code="d">2015-12-31</subfield>
    <subfield code="l">1</subfield>
    <subfield code="o">LMA THO 2007 B295 Or.7</subfield>
    <subfield code="p">RUA020119</subfield>
    <subfield code="r">2024-10-16</subfield>
    <subfield code="s">2024-09-28</subfield>
    <subfield code="w">2015-12-31</subfield>
    <subfield code="y">LMA</subfield>
  </datafield>
  <datafield tag="952" ind1=" " ind2=" ">
    <subfield code="0">0</subfield>
    <subfield code="1">0</subfield>
    <subfield code="2">ddc</subfield>
    <subfield code="4">0</subfield>
    <subfield code="6">LMA_THO_2007_000000000000000_B295_OR_8</subfield>
    <subfield code="7">0</subfield>
    <subfield code="9">29285</subfield>
    <subfield code="a">LBB</subfield>
    <subfield code="b">LBB</subfield>
    <subfield code="c">B295</subfield>
    <subfield code="d">2015-12-31</subfield>
    <subfield code="l">2</subfield>
    <subfield code="m">1</subfield>
    <subfield code="o">LMA THO 2007 B295 Or.8</subfield>
    <subfield code="p">RUA018941</subfield>
    <subfield code="r">2022-06-07</subfield>
    <subfield code="s">2022-05-24</subfield>
    <subfield code="w">2015-12-31</subfield>
    <subfield code="y">LMA</subfield>
  </datafield>
</record>
